Complete the Title: 2010s TV Shows Quiz Stats

 Plays Quiz Updated Jul 13, 2018

Support Sporcle.
Go Orange.
Score 0/50 Timer 05:00
1 Play Today
% Correct
Game
94.2%
Dead
94.1%
Orange
93.9%
World
93%
Beauty
92.4%
Monroe
92.2%
Weapon
91.7%
Management
91.4%
Horror
91.1%
Broke
90.4%
Cards
89.7%
Bob's
88.8%
Late
88.2%
Meets
87.5%
Mike
87.4%
Flop
86.7%
Hour
86.4%
Middle
86.3%
Mine
86.1%
Have
85.8%
Neighbor
84.8%
Honey
84.7%
Apartment
83.4%
Win
82.8%
Boss
81.3%
% Correct
Divorced
80.4%
Drescher
75.8%
Madam
75.7%
Cleveland
75.7%
Knows
74.6%
Bounty
69.7%
Alaska
69.4%
Lizzie
69%
Isles
68.2%
Tarzan
66.9%
Last
66.3%
Die
65.5%
American
65.2%
Police
64.9%
Food
64.6%
High
61.9%
Garage
60.9%
Hunters
59.3%
Tripp
58.6%
Star
57.9%
Big
45.6%
Man
41.8%
Nanny
39.3%
Light
38.7%
Spoils
22.3%

You're not logged in!

Compare scores with friends on all Sporcle quizzes.
OR
Log In
Forgot?

From the Vault

Which NHL Player?

by strokes_static

Sports 5m
It's close to Halloween, so we were kinda hoping for "Witch NHL Player".
Remove Ads.
Support Sporcle.
Get the best of Sporcle when you Go Orange. This ad-free experience offers more features, more stats, and more fun while also helping to support Sporcle. Thank you for becoming a member.

Show Comments

Extras

Top Quizzes Today


Score Distribution

Your Account Isn't Verified!

In order to create a playlist on Sporcle, you need to verify the email address you used during registration. Go to your Sporcle Settings to finish the process.

Report this User

Report this user for behavior that violates our Community Guidelines.

Details: